| 000 | 00461nam a22001577a 4500 | ||
|---|---|---|---|
| 003 | OSt | ||
| 008 | 260427b |||||||| |||| 00| 0 eng d | ||
| 082 |
_a634.6 _bS11E |
||
| 100 | _aSaha, Devendra Prasad | ||
| 245 | _aEffect of Pre-Harvest Calcium Salt Spray on Quality of Litchi (Litchi chinensis Sonn.) cv. Purbi | ||
| 260 |
_aPusa, Samastipur _bRAU _c1991 |
||
| 300 | _a91P. | ||
| 502 |
_bMsc. _d1991 |
||
| 650 | _aFruit and Fruit Technology | ||
| 942 |
_2ddc _cT |
||
| 999 |
_c50204 _d50204 |
||